000
00257nam a2200109 a 4500
005
20140414132109.0
008
110115s19uu xx 00 eng d
050
_a
ER
_b
C61 1987
100
_a
Denega, Daniel
245
_a
Clifford's manners.
999
_c
114696
_d
114696